<?xml version="1.0" encoding="UTF-8"?>
<record
    xmlns:xsi="http://www.w3.org/2001/XMLSchema-instance"
    xsi:schemaLocation="http://www.loc.gov/MARC21/slim http://www.loc.gov/standards/marcxml/schema/MARC21slim.xsd"
    xmlns="http://www.loc.gov/MARC21/slim">

  <leader>01142nam a22002657a 4500</leader>
  <controlfield tag="003">BPGM</controlfield>
  <controlfield tag="008">260630s2003    mx la||| |||| 001 u spa d</controlfield>
  <datafield tag="020" ind1=" " ind2=" ">
    <subfield code="a">ISBN 968-6836-18-7</subfield>
  </datafield>
  <datafield tag="040" ind1=" " ind2=" ">
    <subfield code="b">spa</subfield>
  </datafield>
  <datafield tag="041" ind1=" " ind2=" ">
    <subfield code="a">SPA</subfield>
    <subfield code="h">SPA</subfield>
  </datafield>
  <datafield tag="082" ind1="0" ind2="4">
    <subfield code="a">348.02</subfield>
    <subfield code="b">H32</subfield>
  </datafield>
  <datafield tag="100" ind1=" " ind2=" ">
    <subfield code="a">Miguel Le&#xF3;n-Portilla</subfield>
    <subfield code="e">Maximiliano de Habsburgo</subfield>
  </datafield>
  <datafield tag="240" ind1=" " ind2=" ">
    <subfield code="a">ORDENANZAS DE TEMA IND&#xCC;GENA EN CASTELLANO Y N&#xC0;HUATL </subfield>
  </datafield>
  <datafield tag="242" ind1=" " ind2=" ">
    <subfield code="a">ORDENANZAS DE TEMA IND&#xCC;GENA EN CASTELLANO Y N&#xC0;HUATL </subfield>
    <subfield code="b">EXPEDIDAS POR MAXIMILIANO DE HABSBURGO</subfield>
  </datafield>
  <datafield tag="245" ind1=" " ind2=" ">
    <subfield code="a">ORDENANZAS DE TEMA IND&#xCC;GENA EN CASTELLANO Y N&#xC0;HUATL </subfield>
    <subfield code="b">EXPEDIDAS POR MAXIMILIANO DE HABSBURGO</subfield>
    <subfield code="c">MIGUEL LE&#xD2;N-PORTILLA</subfield>
  </datafield>
  <datafield tag="260" ind1=" " ind2=" ">
    <subfield code="a">Gobierno del Estado de Quer&#xE9;taro</subfield>
    <subfield code="b">Miguel Le&#xF3;n-Portilla</subfield>
    <subfield code="c">ENERO DEL 2003</subfield>
  </datafield>
  <datafield tag="300" ind1=" " ind2=" ">
    <subfield code="a">45 paginas</subfield>
    <subfield code="c">30,5 cmX 23,6</subfield>
  </datafield>
  <datafield tag="336" ind1=" " ind2=" ">
    <subfield code="2">rdacontent</subfield>
    <subfield code="a">texto</subfield>
    <subfield code="b">txt</subfield>
  </datafield>
  <datafield tag="337" ind1=" " ind2=" ">
    <subfield code="2">rdamedia</subfield>
    <subfield code="a">sin mediaci&#xF3;n</subfield>
    <subfield code="b">n</subfield>
  </datafield>
  <datafield tag="338" ind1=" " ind2=" ">
    <subfield code="2">rdacarrier</subfield>
    <subfield code="a">volumen </subfield>
    <subfield code="b">nc</subfield>
  </datafield>
  <datafield tag="600" ind1=" " ind2=" ">
    <subfield code="a">Miguel Le&#xF3;n-Portilla</subfield>
    <subfield code="c">Maximiliano de Habsburgo</subfield>
  </datafield>
  <datafield tag="650" ind1=" " ind2=" ">
    <subfield code="a">LEYES (ESTATUTOS), REGLAMENTACIONES, JURISPRUDENCIA </subfield>
    <subfield code="v">CIENCIAS SOCIALES</subfield>
    <subfield code="x">OBRAS ENCICLOPEDIAS GENERALES </subfield>
  </datafield>
  <datafield tag="700" ind1=" " ind2=" ">
    <subfield code="a">Miguel Le&#xF3;n-Portilla</subfield>
    <subfield code="e">Maximiliano de Habsburgo</subfield>
  </datafield>
  <datafield tag="942" ind1=" " ind2=" ">
    <subfield code="2">ddc</subfield>
    <subfield code="c">COLQ</subfield>
  </datafield>
  <datafield tag="952" ind1=" " ind2=" ">
    <subfield code="0">0</subfield>
    <subfield code="1">0</subfield>
    <subfield code="2">ddc</subfield>
    <subfield code="4">0</subfield>
    <subfield code="7">0</subfield>
    <subfield code="a">BPCEFC</subfield>
    <subfield code="b">BPCEFC</subfield>
    <subfield code="d">2026-06-30</subfield>
    <subfield code="e">DONACION </subfield>
    <subfield code="l">0</subfield>
    <subfield code="o">348.02 H32</subfield>
    <subfield code="r">2026-06-30 19:19:03</subfield>
    <subfield code="w">2026-06-30</subfield>
    <subfield code="y">COLQ</subfield>
  </datafield>
  <datafield tag="999" ind1=" " ind2=" ">
    <subfield code="c">68718</subfield>
    <subfield code="d">68718</subfield>
  </datafield>
</record>
